| 000 | 00520nam a2200193 u 4500 | ||
|---|---|---|---|
| 005 | 20240803063805.0 | ||
| 008 | 100622s2009 r 000 0 eng d | ||
| 020 | _a9788424180447 | ||
| 035 | _aUPN01000176851 | ||
| 049 | _aCG | ||
| 050 | 4 |
_aPQ6666 U3.7 _bD4 |
|
| 100 | 1 |
_aPuerto, Carlos, _d1942- _930387 |
|
| 245 | 1 | 0 |
_aDe la copa a la tumba / _cCarlos Puerto. |
| 260 |
_aLeón, Esp. : _bEverest, _c2009. |
||
| 300 | _a134 p. | ||
| 440 | 0 | _aPunto de encuentro | |
| 650 | 4 |
_aNovela española _910814 |
|
| 905 | _aLibro | ||
| 999 |
_c148954 _d148954 |
||